Länder die keiner kennt - Statistiken

Allgemein
  • Dieses Quiz wurde 217 mal gespielt
  • Das Durchschnittsergebnis liegt bei 9 aus 18
Antwortstatistiken
Antwort % Korrekt
Palau
78%
Tuvalu
76%
Vanuatu
76%
Nauru
71%
St. Vincent und die Grenadinen
65%
Kiribati
62%
Komoren
53%
Osttimor
53%
São Tomé und Principe
52%
Lesotho
48%
Suriname
42%
Guyana
40%
Äquatorial-Guinea
39%
Guinea-Bissau
36%
Benin
31%
Burkina Faso
26%
Eritrea
21%
Mauretanien
18%
Keine übereinstimmenden Quizze gefunden
Verteilung der Resultate
Anzahl Personen mit jedem Resultat
Perzentil nach korrekt beantworteten Fragen
Ihre Resultats-Entwicklung
Sie haben dieses Quiz noch nicht gespielt